| Tag |
First Indicator |
Second Indicator |
Subfields |
| LEADER |
00000cam a2200000 a 4500 |
| 001 |
in00000008029 |
| 005 |
20151002070120.0 |
| 008 |
861008s1987 nyua b 00100 eng |
| 010 |
|
|
|a 86026848
|
| 020 |
|
|
|a 0231061587 (alk. paper)
|
| 020 |
|
|
|a 0231061595 (pbk.)
|
| 035 |
|
|
|a (OCoLC)14519409
|
| 035 |
|
|
|9 AAA0382AM
|
| 040 |
|
|
|a DLC
|c DLC
|d TXA
|d UtOrBLW
|
| 050 |
0 |
0 |
|a QL751.6
|b .N38 1987
|
| 082 |
0 |
|
|a 591.5/1
|2 19
|
| 245 |
0 |
4 |
|a The Natural history reader in animal behavior /
|c Howard Topoff, editor.
|
| 264 |
|
1 |
|a New York :
|b Columbia University Press,
|c 1987.
|
| 300 |
|
|
|a viii, 245 pages :
|b illustrations ;
|c 24 cm.
|
| 336 |
|
|
|a text
|b txt
|2 rdacontent
|
| 337 |
|
|
|a unmediated
|b n
|2 rdamedia
|
| 338 |
|
|
|a volume
|b nc
|2 rdacarrier
|
| 504 |
|
|
|a Bibliography: page [15].
|
| 500 |
|
|
|a Includes index.
|
| 650 |
|
0 |
|a Animal behavior.
|
| 700 |
1 |
|
|a Topoff, Howard R.
|
| 730 |
0 |
|
|a Natural history.
|
| 999 |
|
|
|a MARS
|
| 999 |
f |
f |
|s e292c1ee-5ba9-3db5-8cf9-9e612c094149
|i f796fbf4-d5c9-367f-966e-db059b8d0112
|t 0
|
| 952 |
f |
f |
|p ric
|a Texas A&M University
|b Rellis Campus
|c Joint Library Facility
|d Remote Storage
|t 0
|e QL751.6 .N38 1987
|h Library of Congress classification
|i unmediated -- volume
|m A14812557523
|
| 998 |
f |
f |
|a QL751.6 .N38 1987
|t 0
|l Remote Storage
|